1719 1474 1328 1661 1107 1723 1129 1148 1524 1499 1298 1943 1367 1927 1237 1858 1001 1067 1810 1792 1595 1516 1867 1885 1981 1760 1841 1046 1964 1912 1370 1156 1100 1702 1952 1828 1008 1271 1008 1266 1539 1267 1728 1587 1287 1892 1268 1029 1271 1278 1225 1770 1450 1109 1195 1447 1401 1113 1028 1821 1199 1974 1760 1836 1735 1254 1220 1194 1063 1128 1679 1994 1290 1208 1808 1635 1741 1474 1611 1532 1423 1306 1809 1314 1804 1131 1018 1561 1232 1627 1798 1047 1870 1039 1832 1826 1357 1899 1632 BCNSPRNW ULIB Ver.6.0+V

เปลี่ยนเป็นภาษาไทย

Change to English
 แสดงรายละเอียดบรรณานุกรม
  กลับหน้าหลัก

Brief Record : Get Marc (ISO 2709) : E-mail record : QR code < ปิดหน้าต่าง
LEADER : 00000nam 2200000uu 4500
001    13399115169
003     ULIB
008    110320s2552||||th 000 0 tha d
099    วจ.WY100^bส279ป
100 0  สมศรี ทาทาน
245 00 ปัจจัยที่มีผลต่อทักษะปฏิบัติการพยาบาลและทัศนคติต่อวิชาชีพตามการรับรู้ของนักศึกษาพยาบาลที่ขึ้นฝึกภาคปฏิบัติครั้งแรก วิทยาลัยพยาบาลบรมราชชนนี พะเยา/^cสมศรี ทาทาน และ อัมพร ยานะ
260    พะเยา :^bวิทยาลัยพยาบาลบรมราชชนนี พะเยา,^c2552
300    58 หน้า :^bตาราง
500    รายงานการวิจัย
650  7 ปฏิบัติการพยาบาล^xทักษะ^xวิจัย
700 02 อัมพร ยานะ
710 2  วิทยาลัยพยาบาลบรมราชชนนี. ^bพะเยา
945    ^p0^l0^i029247
995    ทศพร
999 ^a ใช้งานได้ทุกระบบ
รายการนี้ยังไม่มีแท็ก
คุณยังไม่ได้ล็อกอิน คุณสามารถมีกิจกรรมร่วมกับเว็บไซต์ได้ แต่ต้องล็อกอินก่อน ::
  ล็อกอิน

รายการสื่อสารสนเทศ

ลำดับที่ ประเภท เลขเรียก/บาร์โค้ด สถานที่ สถานะ
1. งานวิจัย
งานวิจัย
วจ.WY100 ส279ป ฉ.1 
  Barcode: 029247
ห้องสมุดวิทยาเขตสวรรค์ประชารักษ์
►วิจัย
บนชั้น

รายการใกล้เคียง
    ผู้แต่ง [สมศรี ทาทาน]

BibComment


ยังไม่เคยถูกคอมเมนท์

คอมเมนท์ทรัพยากรรายการนี้
  คอมเมนท์: ปัจจัยที่มีผลต่อท..


 Copyright 2026. Bcnsprnw @Library